AK’s General Knowledge A-Z #44 - Statistics

General Stats
  • This quiz has been taken 528 times
    144 since last reset
  • The average score is 17 of 26
Answer Stats
Hint Answer % Correct
E – book published in digital form E-Book
92%
F – actor Michael J., or the only animal to use the Earth’s magnetic field to hunt Fox
89%
S – ________ Things, sci-fi TV series set in the 1980s in the fictional town of Hawkins Stranger
88%
M – American football legend Dan, or country San Marino
87%
Z – 90210 is a ___ code ZIP
81%
C – the first European to encounter a pineapple Christopher Columbus
79%
O – “One night in Bangkok and the world's your ______” Oyster
76%
K – common to Rudyard Kipling, North Korea and Basinger Kim
75%
Y – the oldest attraction in Florida is the Fountain of _____ Youth
74%
A – is “sterrenkundige” in Dutch (a type of scientist); anagram is “moon starer” Astronomer
71%
P – this country has the world's largest tropical glacier Peru
71%
W – city whose live animal and seafood market was closed permanently on 1 January, 2020 Wuhan City
71%
J – football (soccer) club from Turin with a record number of Serie A titles Juventus
69%
R – first name of Mercutio’s love-sick friend Romeo
67%
G – American rock band with hits “Boulevard of Broken Dreams” and “Forever Now” Green Day
66%
T – A-ha’s megahit; its music video was a mix of live-action and pencil-sketch animation Take On Me
63%
V – not Vietnam, Venezuela, or Vatican City Vanuatu
63%
H – to lay snares for rabbits, or what should be made while the sun shines Hay
56%
L – is “etterlate” in Norwegian, or what is being done to Las Vegas in a Nicholas Cage movie Leave
55%
N – the oldest river in North America (with a very illogical name) New River
55%
U – constellation in the northern sky also known as the Great Bear Ursa Major
53%
I – Asian country that borders the marginal waterbodies of Atlantic and Indian Oceans Israel
44%
B – capital of Mali Bamako
42%
D – the only French suit of playing cards that has not been adapted from the German deck Diamonds
41%
Q – "when" in Portuguese Quando
37%
X – is “diciotto” in Italian, 10010 in binary, ____ in Roman numerals XVIII
36%
No matching quizzes found
Score Distribution
Percent of People with Each Score
Percentile by Number Answered
Your Score History
You have not taken this quiz since the last reset